Los Movimientos sociales en el Caribe /

Salvato in:
Dettagli Bibliografici
Autore principale: Pierre - Charles, Gerard
Enti autori: Universidad Autónoma de Santo Domingo, UASD
Altri autori: coord
Natura: testo
Pubblicazione: Santo Domingo: UASD
Tags: Aggiungi Tag
Nessun Tag, puoi essere il primo ad aggiungerne!!

MARC

LEADER 00000 a a2200000 04500
001 22386
003
040
090 |a 152601  
100 |a Pierre - Charles, Gerard  
110 |a Universidad Autónoma de Santo Domingo  
245 |a Los Movimientos sociales en el Caribe /  |c Universidad Autónoma de Santo Domingo  
260 |a Santo Domingo:   |b UASD  
300 |a 389 p.   |b **no definido**   |b map.  
700 |a coord  
710 |a UASD  
999 |c 2424  |d 2424